LDR 01075naa#a2200193#i#450# 001 RU\\bibl\125530 005 20260702123306.4 011 ## _a2782-4586 100 ## _a20260630b2026####ek#y0rusy0150####ca 102 ## _aRU 200 1# _aМетасистемная архитектура капитальных потоков: UBS Group AG как парадигматический случай инфраструктурного суверенитета и адаптивной гибридизации в условиях глобальной регуляторной полифонии _eЖурнальная статья 210 1# _aМосква _cУниверситет ИТБО _d2026 215 ## _a19 с. 608 ## _aЖурнальная статья _2local 675 ## _aЭкономические науки в целом. Политическая экономия. 330 _z 700 #1 _aСоцкова _gСветлана Ивановна 700 #1 _aЧерницына _gРузиля Нябиулловна 700 #1 _aКоролев _gАндрей Андреевич 856 4# _ajomeam.ru _u